A joint enterprise : (Record no. 14237)

000 -LEADER
fixed length control field 01417cam a2200289 a 4500
003 - CONTROL NUMBER IDENTIFIER
control field OSt
005 - DATE AND TIME OF LATEST TRANSACTION
control field 20260416155320.0
008 - FIXED-LENGTH DATA ELEMENTS--GENERAL INFORMATION
fixed length control field 101115s2011 mnuab b s001 0 eng
020 ## - INTERNATIONAL STANDARD BOOK NUMBER
International Standard Book Number 9780816670376
Qualifying information pb : alk. paper
042 ## - AUTHENTICATION CODE
Authentication code pcc
043 ## - GEOGRAPHIC AREA CODE
Geographic area code a-ii---
082 00 - DEWEY DECIMAL CLASSIFICATION NUMBER
Classification number 720.954/79209034
Edition number 22
100 1# - MAIN ENTRY--PERSONAL NAME
Personal name Chopra, Preeti.
245 12 - TITLE STATEMENT
Title A joint enterprise :
Remainder of title Indian elites and the making of British Bombay /
Statement of responsibility, etc Preeti Chopra.
246 30 - VARYING FORM OF TITLE
Title proper/short title Indian elites and the making of British Bombay
260 ## - PUBLICATION, DISTRIBUTION, ETC. (IMPRINT)
Place of publication, distribution, etc Minneapolis :
Name of publisher, distributor, etc University of Minnesota Press,
Date of publication, distribution, etc c2011.
300 ## - PHYSICAL DESCRIPTION
Extent xxiv, 293 p. :
Other physical details ill., maps ;
Dimensions 26 cm.
504 ## - BIBLIOGRAPHY, ETC. NOTE
Bibliography, etc Includes bibliographical references (p. 263-279) and index.
505 0# - FORMATTED CONTENTS NOTE
Formatted contents note Introduction -- A joint enterprise -- Anglo-Indian architecture and the meaning of its styles -- The biography of an unknown native engineer -- Dividing practices in Bombay's hospitals and lunatic asylums -- An unforeseen landscape of contradictions -- Of gods and mortal heroes : conundrums of the secular landscape of colonial Bombay.
650 #0 - SUBJECT ADDED ENTRY--TOPICAL TERM
Topical term or geographic name as entry element Architecture and society
Geographic subdivision India
-- Mumbai
General subdivision History
Chronological subdivision 19th century.
650 #0 - SUBJECT ADDED ENTRY--TOPICAL TERM
Topical term or geographic name as entry element Architecture and society
Geographic subdivision India
-- Mumbai
General subdivision History
Chronological subdivision 20th century.
650 #0 - SUBJECT ADDED ENTRY--TOPICAL TERM
Topical term or geographic name as entry element Social ecology
Geographic subdivision India
-- Mumbai.
650 #0 - SUBJECT ADDED ENTRY--TOPICAL TERM
Topical term or geographic name as entry element Colonial cities
Geographic subdivision India
-- Mumbai.
651 #0 - SUBJECT ADDED ENTRY--GEOGRAPHIC NAME
Geographic name Mumbai (India)
General subdivision Buildings, structures, etc.
651 #0 - SUBJECT ADDED ENTRY--GEOGRAPHIC NAME
Geographic name Mumbai (India)
General subdivision Social conditions.
942 ## - ADDED ENTRY ELEMENTS (KOHA)
Source of classification or shelving scheme
Holdings
Withdrawn status Lost status Source of classification or shelving scheme Damaged status Koha normalized classification for sorting Not for loan Permanent location Current location Shelving location Date acquired Full call number Barcode Date last seen Price effective from Koha item type
        720_954000000000000_79209034   BMS College of Architecture, Design and Planning BMS College of Architecture, Design and Planning General Stacks 2025-12-16 720.954/79209034 AR-UG5129 2026-02-10 2026-02-10 UG Books
Copyright © 2025, The Librarian, Library and Information Centre, BMSCA D&P, Bengaluru. All Rights Reserved
web counter

Powered by Koha